00824nam a2200193 a 450000500170000000800410001702000180005805000260007610000250010224500790012726000460020630000180025244000320027065000320030265000410033499900190037595201180039495201180051220140412111336.0031017s19uu xx 00 eng d a0-02-831063-2 aTR(GS 372.4bA19 2000 aAdams, Marilyn Jager aReading and writing workbook (red), L.K /cby Marilyn Jager Adams & et al. aColumbus, Ohio :bSRA/McGraw-Hill,c2000. a129 p. ; ill. aSRA Open Court Reading, Red aReadingxStudy and teaching aEnglish languagexStudy and teaching c105034d105034 00104050aELbELcTRd2003-10-17eDonationl0oTR(GS 372.4 A19 2000pE9311r2014-04-12 00:00:00w2014-04-12yBK 00104050aELbELcTRd2003-10-17eDonationl0oTR(GS 372.4 A19 2000pE9312r2014-04-12 00:00:00w2014-04-12yBK